[Event "Titled Tuesday intern op 01st Aug Late"]
[Site "Chess.com INT"]
[Date "2023.08.01"]
[Round "2"]
[White "Makarian, Rudik"]
[Black "Dobrijevic, Milan"]
[Result "1-0"]
[WhiteElo "2546"]
[BlackElo "2208"]
[PlyCount "101"]
[EventDate "2023.08.01"]
[EventType "swiss (blitz)"]
[EventRounds "11"]
[EventCountry "USA"]
[SourceTitle "EXT 2024"]
[Source "ChessBase"]
[SourceDate "2023.10.10"]
[SourceVersion "1"]
[SourceVersionDate "2023.10.10"]
[SourceQuality "1"]

1. d4 Nf6 2. c4 g6 3. Nc3 d5 4. Bg5 Ne4 5. cxd5 Nxg5 6. h4 Ne4 7. Nxe4 Qxd5 8. Nc3 Qa5 9. h5 Bg7 10. h6 Bf6 11. e3 0-0 12. Qd2 c5 13. d5 Rd8 14. Nf3 e6 15. 0-0-0 Bxc3 16. Qxc3 Qxc3+ 17. bxc3 Rxd5 18. Bc4 Rxd1+ 19. Rxd1 Nd7 20. Ne5 Nf8 21. Rd8 b5 22. Bxb5 Bb7 23. Rxa8 Bxa8 24. Bc6 Bxc6 25. Nxc6 a6 26. Nb8 a5 27. Kb2 f5 28. Nc6 a4 29. Ka3 Kf7 30. Kxa4 Nd7 31. Kb5 e5 32. a4 Ke6 33. a5 Kd6 34. a6 Kc7 35. Ne7 Nf6 36. Kxc5 Ne4+ 37. Kd5 Nxf2 38. Nxg6 Ng4 39. Nxe5 Nxe3+ 40. Ke6 f4 41. Kf6 Nxg2 42. Kg7 Ne3 43. Kxh7 Nf5 44. Kg6 Nxh6 45. Kxh6 Kb6 46. Kg5 f3 47. Nxf3 Kxa6 48. Kf4 Kb5 49. Ke3 Kc4 50. Kd2 Kc5 51. Kd3 1-0

[Event "Titled Tuesday intern op 18th Jul Early"]
[Site "Chess.com INT"]
[Date "2023.07.18"]
[Round "9"]
[White "Schwabeneder, Florian"]
[Black "Dobrijevic, Milan"]
[Result "1-0"]
[WhiteElo "2389"]
[BlackElo "2208"]
[PlyCount "35"]
[EventDate "2023.07.18"]
[EventType "swiss (blitz)"]
[EventRounds "11"]
[EventCountry "USA"]
[SourceTitle "EXT 2024"]
[Source "ChessBase"]
[SourceDate "2023.10.10"]
[SourceVersion "1"]
[SourceVersionDate "2023.10.10"]
[SourceQuality "1"]

1. Nf3 Nf6 2. c4 g6 3. g3 Bg7 4. Bg2 0-0 5. 0-0 c6 6. b3 d5 7. Bb2 Be6 8. d3 Nbd7 9. Nd4 Nc5 10. b4 Na6 11. Nxe6 fxe6 12. a3 Nc7 13. Nd2 Nd7 14. Qb3 Rf7 15. Nf3 Ne8 16. Ng5 e5 17. Nxf7 Kxf7 18. cxd5 1-0

[Event "Titled Tuesday intern op 04th Jul Late"]
[Site "Chess.com INT"]
[Date "2023.07.04"]
[Round "11"]
[White "Dobrijevic, Milan"]
[Black "Leitao, Rafael Duailibe"]
[Result "0-1"]
[WhiteElo "2208"]
[BlackElo "2592"]
[PlyCount "88"]
[EventDate "2023.07.04"]
[EventType "swiss (blitz)"]
[EventRounds "11"]
[EventCountry "USA"]
[SourceTitle "EXT 2024"]
[Source "ChessBase"]
[SourceDate "2023.10.10"]
[SourceVersion "1"]
[SourceVersionDate "2023.10.10"]
[SourceQuality "1"]

1. e4 e5 2. d4 exd4 3. Nf3 Nc6 4. Bc4 Nf6 5. e5 Ne4 6. Bd5 Nc5 7. 0-0 Ne6 8. c3 d3 9. Qxd3 Be7 10. Re1 0-0 11. Nbd2 d6 12. exd6 cxd6 13. Nb3 Nc7 14. Be4 g6 15. Bh6 d5 16. Bxf8 Bxf8 17. Rad1 dxe4 18. Qxd8 Nxd8 19. Rxd8 exf3 20. gxf3 Be6 21. Rxa8 Nxa8 22. Nd4 Bd7 23. b4 Nb6 24. Nb3 Nd5 25. Rd1 Be6 26. Rd3 Nf4 27. Rd8 Ne2+ 28. Kf1 Nxc3 29. Nc5 Bc4+ 30. Kg2 Kg7 31. Nxb7 Nd5 32. a3 Be7 33. Rd7 Nf4+ 34. Kg1 Ne2+ 35. Kg2 Bh4 36. Nd6 Nf4+ 37. Kg1 Be6 38. Rxa7 Bd5 39. Ne8+ Kh6 40. Rd7 Bxf3 41. Rxf7 g5 42. Nf6 Kg6 43. Rxh7 Kxf6 44. Rf7+ Kxf7 0-1

[Event "Titled Tuesday intern op 09th May Early"]
[Site "Chess.com INT"]
[Date "2023.05.09"]
[Round "8"]
[White "Barbot, Pierre"]
[Black "Dobrijevic, Milan"]
[Result "1-0"]
[WhiteElo "2458"]
[BlackElo "2208"]
[PlyCount "93"]
[EventDate "2023.05.09"]
[EventType "swiss (blitz)"]
[EventRounds "11"]
[EventCountry "USA"]
[SourceTitle "CBM 214 Extra"]
[Source "ChessBase"]
[SourceDate "2023.07.31"]
[SourceVersion "1"]
[SourceVersionDate "2023.07.31"]
[SourceQuality "1"]

1. d4 Nf6 2. Nc3 d5 3. Bf4 g6 4. e3 Bg7 5. h4 h6 6. Be2 0-0 7. h5 g5 8. Be5 Nbd7 9. f4 Nxe5 10. dxe5 Ne4 11. Qxd5 Nxc3 12. Qxd8 Rxd8 13. bxc3 Bf5 14. Rc1 Rd7 15. Nf3 g4 16. Nd4 Be4 17. Bxg4 e6 18. Bf3 Bxf3 19. Nxf3 Rad8 20. Ke2 f6 21. Rhd1 fxe5 22. Nxe5 Bxe5 23. fxe5 Kf8 24. Rd3 Rxd3 25. cxd3 Ke7 26. g4 Rd5 27. d4 Ra5 28. Rf1 Rxa2+ 29. Kd3 Rg2 30. Rf6 Rxg4 31. Rxh6 Rh4 32. Rh7+ Kd8 33. h6 b5 34. Rh8+ Kd7 35. Ke2 a5 36. Kd2 a4 37. Kc2 Rh2+ 38. Kb1 a3 39. Ka1 a2 40. h7 Kc6 41. e4 Kd7 42. d5 Ke7 43. Rc8 Rxh7 44. Rxc7+ Kd8 45. Rxh7 exd5 46. exd5 b4 47. Kxa2 1-0

[Event "Titled Tuesday intern op 09th May Late"]
[Site "Chess.com INT"]
[Date "2023.05.09"]
[Round "6"]
[White "Bolourchifard, Farzad"]
[Black "Dobrijevic, Milan"]
[Result "1-0"]
[WhiteElo "2292"]
[BlackElo "2208"]
[PlyCount "51"]
[EventDate "2023.05.09"]
[EventType "swiss (blitz)"]
[EventRounds "11"]
[EventCountry "USA"]
[SourceTitle "CBM 214 Extra"]
[Source "ChessBase"]
[SourceDate "2023.07.31"]
[SourceVersion "1"]
[SourceVersionDate "2023.07.31"]
[SourceQuality "1"]

1. d4 Nf6 2. Nf3 g6 3. c4 Bg7 4. Nc3 d5 5. cxd5 Nxd5 6. e4 Nxc3 7. bxc3 c5 8. Be2 Qa5 9. 0-0 Qxc3 10. Bd2 Qa3 11. Rc1 0-0 12. Rxc5 b6 13. Rc2 Bb7 14. d5 e6 15. Qb1 Rd8 16. Bb4 Qa4 17. dxe6 Bxe4 18. exf7+ Kh8 19. f8Q+ Bxf8 20. Bxf8 Rxf8 21. Qb2+ Kg8 22. Bc4+ Rf7 23. Bxf7+ Kxf7 24. Rc7+ Nd7 25. Rxd7+ Qxd7 26. Ne5+ 1-0

[Event "Titled Tuesday intern op 09th May Early"]
[Site "Chess.com INT"]
[Date "2023.05.09"]
[Round "2"]
[White "Bueno, Alfeu Varela Jr"]
[Black "Dobrijevic, Milan"]
[Result "0-1"]
[WhiteElo "2135"]
[BlackElo "2208"]
[PlyCount "70"]
[EventDate "2023.05.09"]
[EventType "swiss (blitz)"]
[EventRounds "11"]
[EventCountry "USA"]
[SourceTitle "CBM 214 Extra"]
[Source "ChessBase"]
[SourceDate "2023.07.31"]
[SourceVersion "1"]
[SourceVersionDate "2023.07.31"]
[SourceQuality "1"]

1. e4 c5 2. Nc3 Nc6 3. f4 g6 4. Nf3 Bg7 5. Bb5 Nd4 6. 0-0 a6 7. Bc4 e6 8. d3 Ne7 9. Nxd4 cxd4 10. Ne2 d5 11. Bb3 dxe4 12. dxe4 0-0 13. Ng3 Kh8 14. Qe1 a5 15. a4 d3 16. Kh1 Nc6 17. cxd3 Qxd3 18. Rf3 Qd8 19. Bd2 Nd4 20. Rd3 Qh4 21. Rc1 b6 22. Be3 Nxb3 23. Rxb3 Bd7 24. Rxb6 Bxa4 25. e5 Rfd8 26. Ne4 Qxe1+ 27. Rxe1 Rab8 28. Nd6 Rxb6 29. Bxb6 Rb8 30. Bxa5 Rxb2 31. Nxf7+ Kg8 32. Ng5 Bc6 33. Ne4 Bh6 34. Nf6+ Kf7 35. Rg1 Bxf4 0-1

[Event "Titled Tuesday intern op 09th May Late"]
[Site "Chess.com INT"]
[Date "2023.05.09"]
[Round "2"]
[White "Castillo Pena, Patricia Evarista"]
[Black "Dobrijevic, Milan"]
[Result "0-1"]
[WhiteElo "1783"]
[BlackElo "2208"]
[PlyCount "46"]
[EventDate "2023.05.09"]
[EventType "swiss (blitz)"]
[EventRounds "11"]
[EventCountry "USA"]
[SourceTitle "CBM 214 Extra"]
[Source "ChessBase"]
[SourceDate "2023.07.31"]
[SourceVersion "1"]
[SourceVersionDate "2023.07.31"]
[SourceQuality "1"]

1. d4 Nf6 2. Nf3 g6 3. Nc3 d5 4. Bf4 Bg7 5. e3 0-0 6. Be2 c5 7. 0-0 b6 8. Ne5 Bb7 9. a4 a6 10. Rb1 Nbd7 11. b4 cxd4 12. exd4 Rc8 13. Qd2 Nh5 14. Nxd7 Nxf4 15. Ne5 Rxc3 16. Qxf4 Rxc2 17. Bd3 Rc3 18. Rfd1 Qd6 19. g3 f6 20. Nf3 Qxf4 21. gxf4 Bh6 22. Kg2 Bxf4 23. Rbc1 Rxc1 0-1

[Event "Titled Tuesday intern op 09th May Late"]
[Site "Chess.com INT"]
[Date "2023.05.09"]
[Round "5"]
[White "Harish, Neeraj"]
[Black "Dobrijevic, Milan"]
[Result "0-1"]
[WhiteElo "2232"]
[BlackElo "2208"]
[PlyCount "102"]
[EventDate "2023.05.09"]
[EventType "swiss (blitz)"]
[EventRounds "11"]
[EventCountry "USA"]
[SourceTitle "CBM 214 Extra"]
[Source "ChessBase"]
[SourceDate "2023.07.31"]
[SourceVersion "1"]
[SourceVersionDate "2023.07.31"]
[SourceQuality "1"]

1. e4 c5 2. Nf3 g6 3. d4 cxd4 4. Nxd4 Bg7 5. c4 Nc6 6. Be3 Nf6 7. Nc3 0-0 8. Be2 d6 9. 0-0 Bd7 10. Nc2 a5 11. f4 Nb4 12. Rc1 Bc6 13. Bf3 Nxc2 14. Qxc2 Nd7 15. Rcd1 a4 16. Nd5 Bxd5 17. cxd5 Qa5 18. Rc1 Qb4 19. b3 axb3 20. axb3 Nc5 21. Qc4 Qxb3 22. Qxb3 Nxb3 23. Rc7 Nc5 24. Rxe7 Bf6 25. Rc7 Bd8 26. Rxc5 dxc5 27. Bxc5 Re8 28. e5 Rc8 29. Bb4 Rc4 30. Bd2 Bb6+ 31. Kh1 Rc2 32. Rd1 Rec8 33. h3 Bf2 34. Kh2 h5 35. d6 h4 36. Bxb7 Rb8 37. Bf3 Bg3+ 38. Kh1 Kf8 39. Be1 Bxe1 40. Rxe1 Rd2 41. Rd1 Rxd1+ 42. Bxd1 Rb1 43. Kh2 Rxd1 44. g3 Rd2+ 45. Kg1 hxg3 46. h4 Ke8 47. Kh1 Kd7 48. h5 gxh5 49. f5 h4 50. Kg1 h3 51. Kh1 Rd1# 0-1

[Event "Titled Tuesday intern op 02nd May Late"]
[Site "Chess.com INT"]
[Date "2023.05.02"]
[Round "1"]
[White "Ashraf, Artin"]
[Black "Dobrijevic, Milan"]
[Result "1/2-1/2"]
[WhiteElo "2314"]
[BlackElo "2208"]
[PlyCount "132"]
[EventDate "2023.05.02"]
[EventType "swiss (blitz)"]
[EventRounds "11"]
[EventCountry "USA"]
[SourceTitle "EXT 2024"]
[Source "ChessBase"]
[SourceDate "2023.10.10"]
[SourceVersion "1"]
[SourceVersionDate "2023.10.10"]
[SourceQuality "1"]

1. e4 c5 2. Nf3 g6 3. c3 Nf6 4. e5 Nd5 5. d4 cxd4 6. cxd4 Bg7 7. Bc4 Nb6 8. Bb3 0-0 9. 0-0 d6 10. Qe2 Nc6 11. e6 fxe6 12. Bxe6+ Kh8 13. d5 Ne5 14. Nxe5 dxe5 15. Nc3 Bxe6 16. dxe6 Qd6 17. Be3 Qxe6 18. Bxb6 Qxb6 19. Ne4 Rad8 20. Rfd1 Rd4 21. g3 h6 22. Kg2 Kh7 23. f3 Rfd8 24. b3 a5 25. h4 Bf6 26. Rdc1 Qb4 27. Rc2 h5 28. Rac1 R8d7 29. Rc4 Rd2 30. Nxd2 Rxd2 31. Rxb4 Rxe2+ 32. Kf1 Rxa2 33. Rxb7 Kg7 34. Rc5 Kf7 35. Rc6 e4 36. fxe4 Be5 37. Ra6 Bxg3 38. Rb5 Bxh4 39. Raxa5 Rf2+ 40. Kg1 Re2 41. Ra4 Bf6 42. Rc4 h4 43. Rd5 h3 44. Rd3 h2+ 45. Kh1 g5 46. Rf3 Kg6 47. Rg3 Kh5 48. Rg2 Rxg2 49. Kxg2 Be5 50. b4 Kg4 51. b5 Kf4 52. b6 g4 53. b7 g3 54. Rc5 Bd6 55. Rc8 Kxe4 56. b8Q Bxb8 57. Rxb8 e5 58. Rb4+ Kd3 59. Rg4 e4 60. Rxg3+ e3 61. Kxh2 Kd2 62. Rg8 e2 63. Rd8+ Kc1 64. Re8 Kd1 65. Kg2 e1Q 66. Rxe1+ Kxe1 1/2-1/2

[Event "Titled Tuesday intern op 02nd May Early"]
[Site "Chess.com INT"]
[Date "2023.05.02"]
[Round "5"]
[White "Berezin, Viktor1111"]
[Black "Dobrijevic, Milan"]
[Result "1-0"]
[WhiteElo "2307"]
[BlackElo "2208"]
[PlyCount "57"]
[EventDate "2023.05.02"]
[EventType "swiss (blitz)"]
[EventRounds "11"]
[EventCountry "USA"]
[SourceTitle "EXT 2024"]
[Source "ChessBase"]
[SourceDate "2023.10.10"]
[SourceVersion "1"]
[SourceVersionDate "2023.10.10"]
[SourceQuality "1"]

1. d4 Nf6 2. Nf3 g6 3. g3 Bg7 4. Bg2 0-0 5. 0-0 d5 6. c4 dxc4 7. Na3 c3 8. bxc3 c5 9. e3 Nc6 10. Bb2 Bd7 11. Nc4 Qc7 12. Nce5 Rfd8 13. Rc1 Rac8 14. Qe2 Be6 15. Ba3 b6 16. Nxc6 Qxc6 17. Ng5 Qa4 18. Nxe6 fxe6 19. Bb2 Rd7 20. e4 e5 21. dxe5 Ne8 22. Bh3 Rcd8 23. Bxd7 Rxd7 24. Rfd1 Rxd1+ 25. Rxd1 Qxa2 26. Rd8 Qf7 27. Qb5 Kf8 28. e6 Qf3 29. Qxe8# 1-0

[Event "Titled Tuesday intern op 02nd May Early"]
[Site "Chess.com INT"]
[Date "2023.05.02"]
[Round "1"]
[White "Bluvshtein, Mark"]
[Black "Dobrijevic, Milan"]
[Result "0-1"]
[WhiteElo "2590"]
[BlackElo "2208"]
[PlyCount "84"]
[EventDate "2023.05.02"]
[EventType "swiss (blitz)"]
[EventRounds "11"]
[EventCountry "USA"]
[SourceTitle "EXT 2024"]
[Source "ChessBase"]
[SourceDate "2023.10.10"]
[SourceVersion "1"]
[SourceVersionDate "2023.10.10"]
[SourceQuality "1"]

1. d4 Nf6 2. c4 g6 3. Nc3 d5 4. Qb3 dxc4 5. Qxc4 Bg7 6. e4 a6 7. Bf4 b5 8. Qxc7 Qxc7 9. Bxc7 Nc6 10. d5 b4 11. Na4 Nd4 12. 0-0-0 Nxe4 13. Nh3 Bxh3 14. gxh3 Rc8 15. d6 Nxd6 16. Kb1 Rxc7 17. Nb6 0-0 18. Nd5 Rd7 19. Nxb4 a5 20. Na6 Ne4 21. Rg1 Rfd8 22. f4 Nf3 23. Rxd7 Rxd7 24. Bb5 Nxg1 25. Bxd7 Ne2 26. f5 gxf5 27. Bxf5 Nd6 28. Bd3 Nf4 29. Bf1 Bd4 30. Nb8 Ne4 31. Kc2 Bg1 32. Nc6 e6 33. Nxa5 Bxh2 34. Nc6 f5 35. a4 Nd5 36. Bc4 Ne3+ 37. Kd3 Nxc4 38. Kxc4 f4 39. Kd4 f3 40. Ke3 f2 41. Ke2 Bg3 42. Nd4 Nd2 0-1

[Event "Titled Tuesday intern op 02nd May Early"]
[Site "Chess.com INT"]
[Date "2023.05.02"]
[Round "9"]
[White "Dobrijevic, Milan"]
[Black "Kiselev, Pavel"]
[Result "1-0"]
[WhiteElo "2208"]
[BlackElo "2245"]
[PlyCount "63"]
[EventDate "2023.05.02"]
[EventType "swiss (blitz)"]
[EventRounds "11"]
[EventCountry "USA"]
[SourceTitle "EXT 2024"]
[Source "ChessBase"]
[SourceDate "2023.10.10"]
[SourceVersion "1"]
[SourceVersionDate "2023.10.10"]
[SourceQuality "1"]

1. e4 c5 2. Nc3 Nc6 3. Bb5 g6 4. Bxc6 dxc6 5. f4 Bg7 6. Nf3 Nf6 7. d3 0-0 8. 0-0 Re8 9. Be3 b6 10. Kh1 Bb7 11. Qe1 Ng4 12. Bg1 Bd4 13. h3 Nf6 14. Qh4 e6 15. Ng5 h5 16. f5 exf5 17. exf5 Nh7 18. fxg6 fxg6 19. Nce4 Rxe4 20. Qxe4 Qxg5 21. Qe6+ Kh8 22. Bxd4+ cxd4 23. Rf7 Nf8 24. Qd6 Kg8 25. Raf1 Qh6 26. Rxb7 Nh7 27. Qe6+ Kh8 28. Qe5+ Kg8 29. Qe7 Ng5 30. Qe5 Nf7 31. Rfxf7 Qc1+ 32. Kh2 1-0

[Event "Titled Tuesday intern op 02nd May Early"]
[Site "Chess.com INT"]
[Date "2023.05.02"]
[Round "11"]
[White "Dobrijevic, Milan"]
[Black "Levitan, Caleb Levi"]
[Result "1-0"]
[WhiteElo "2208"]
[BlackElo "2129"]
[PlyCount "83"]
[EventDate "2023.05.02"]
[EventType "swiss (blitz)"]
[EventRounds "11"]
[EventCountry "USA"]
[SourceTitle "EXT 2024"]
[Source "ChessBase"]
[SourceDate "2023.10.10"]
[SourceVersion "1"]
[SourceVersionDate "2023.10.10"]
[SourceQuality "1"]

1. e4 e5 2. d4 exd4 3. Nf3 Nc6 4. Bc4 Nf6 5. e5 d5 6. Bb5 Ne4 7. Nxd4 Bd7 8. Bxc6 bxc6 9. 0-0 Bc5 10. f3 Ng5 11. f4 Ne4 12. Be3 Qe7 13. Nd2 Nxd2 14. Qxd2 0-0 15. Nb3 Bxe3+ 16. Qxe3 Rab8 17. Qxa7 Be6 18. f5 Bc8 19. Rae1 Rb6 20. Qa5 Ra6 21. Qc3 Rxa2 22. f6 Qe6 23. fxg7 Re8 24. Nd4 Qg6 25. Rf6 Qg5 26. Nxc6 Bf5 27. h4 Qg4 28. Rf1 Be4 29. R6f2 Ra6 30. Nb4 Rg6 31. Qd2 Qxh4 32. Nxd5 Rxe5 33. Nf6+ Rxf6 34. Rxf6 Rh5 35. Qd8+ Kxg7 36. Rxf7+ Kh6 37. Qf8+ Kg5 38. Qg7+ Bg6 39. R7f5+ Kg4 40. Qd4+ Kg3 41. Qf2+ Kg4 42. Qf3# 1-0

[Event "Titled Tuesday intern op 02nd May Early"]
[Site "Chess.com INT"]
[Date "2023.05.02"]
[Round "3"]
[White "Dobrijevic, Milan"]
[Black "Yaniuk, Volodymyr"]
[Result "1-0"]
[WhiteElo "2208"]
[BlackElo "2223"]
[PlyCount "137"]
[EventDate "2023.05.02"]
[EventType "swiss (blitz)"]
[EventRounds "11"]
[EventCountry "USA"]
[SourceTitle "EXT 2024"]
[Source "ChessBase"]
[SourceDate "2023.10.10"]
[SourceVersion "1"]
[SourceVersionDate "2023.10.10"]
[SourceQuality "1"]

1. e4 e5 2. d4 exd4 3. Nf3 Nc6 4. Bc4 Bc5 5. Ng5 d5 6. Bxd5 Ne5 7. Nxf7 Nxf7 8. Bxf7+ Kxf7 9. Qh5+ g6 10. Qxc5 Nf6 11. Bg5 Re8 12. 0-0 Nxe4 13. Bxd8 Nxc5 14. Bxc7 Bf5 15. Na3 Rac8 16. Bg3 Ne4 17. Rad1 Red8 18. Be5 b5 19. Nxb5 Rd5 20. Nxa7 Rxc2 21. Bxd4 Nd2 22. Be3 Rxb2 23. Rfe1 Rxa2 24. Nc6 Rb2 25. h3 h5 26. Nd4 Ne4 27. Nxf5 Rxd1 28. Nh6+ Ke6 29. Rxd1 g5 30. Re1 Kd5 31. Nf5 g4 32. hxg4 hxg4 33. Ng3 Nc3 34. Bf4 Rc2 35. Be5 Nb5 36. Bf4 Nd4 37. Re5+ Kc4 38. Re4 Kd3 39. Re8 Ra2 40. Rd8 Ra1+ 41. Kh2 Kc4 42. Be5 Nc6 43. Bxa1 Nxd8 44. Nf1 Nf7 45. Ne3+ Kd3 46. Nxg4 Ke2 47. Kg3 Ng5 48. f3 Ne6 49. Be5 Kd3 50. Nf2+ Ke2 51. Ne4 Kd3 52. Bf6 Ke3 53. Kg4 Ke2 54. g3 Ke3 55. Bg5+ Kd4 56. Bf4 Kd3 57. Ng5 Ke2 58. Nxe6 Kf2 59. Ng5 Kg2 60. Kf5 Kh2 61. Ke4 Kg2 62. Be5 Kh2 63. g4+ Kg2 64. Ne6 Kh3 65. g5 Kh4 66. g6 Kh5 67. g7 Kh4 68. g8Q Kh3 69. Qg3# 1-0

[Event "Titled Tuesday intern op 02nd May Early"]
[Site "Chess.com INT"]
[Date "2023.05.02"]
[Round "4"]
[White "Nasir, Zehn"]
[Black "Dobrijevic, Milan"]
[Result "1-0"]
[WhiteElo "2057"]
[BlackElo "2208"]
[PlyCount "147"]
[EventDate "2023.05.02"]
[EventType "swiss (blitz)"]
[EventRounds "11"]
[EventCountry "USA"]
[SourceTitle "EXT 2024"]
[Source "ChessBase"]
[SourceDate "2023.10.10"]
[SourceVersion "1"]
[SourceVersionDate "2023.10.10"]
[SourceQuality "1"]

1. d4 Nf6 2. Bf4 g6 3. Nc3 d5 4. Nf3 Bg7 5. Qd2 Ne4 6. Qe3 Nxc3 7. Qxc3 0-0 8. Qxc7 Qxc7 9. Bxc7 Na6 10. Be5 Nb4 11. Kd2 Bf5 12. c3 Bh6+ 13. e3 Nc6 14. Bf4 Bxf4 15. exf4 Be4 16. Ng5 Bf5 17. Bb5 Na5 18. Rhe1 f6 19. Ne6 Bxe6 20. Rxe6 Rf7 21. Rae1 Kf8 22. b4 a6 23. Bf1 Nc6 24. g3 Nd8 25. Rb6 e6 26. a4 Rc7 27. Bh3 f5 28. Re3 Kf7 29. Bf1 Ke7 30. Kc2 Nf7 31. Rbxe6+ Kf8 32. Kb3 Rac8 33. Bg2 Rd8 34. Rf6 Kg7 35. Rfe6 Nh6 36. Re7+ Rxe7 37. Rxe7+ Kf6 38. Rxb7 Ng4 39. Rb6+ Kf7 40. Rxa6 Nxf2 41. Ra7+ Kf6 42. a5 h5 43. a6 Ne4 44. Rc7 g5 45. fxg5+ Kxg5 46. a7 Ra8 47. b5 Nd2+ 48. Kb4 Nc4 49. b6 Nxb6 50. Kb5 Nc8 51. Ka6 Nxa7 52. Rxa7 Rc8 53. Bxd5 Rxc3 54. Rg7+ Kf6 55. Rf7+ Kg6 56. Rd7 Rc2 57. h3 Rc3 58. h4 Rxg3 59. Rd6+ Kg7 60. Be6 Rg4 61. Bxf5 Rxh4 62. d5 Kf7 63. Kb6 Rh2 64. Rh6 h4 65. Kc7 Rh1 66. d6 Rc1+ 67. Kd8 Rc5 68. Bh3 Ra5 69. d7 Ra8+ 70. Kc7 Ra7+ 71. Kc6 Ra8 72. Kb7 Rd8 73. Kc7 Rf8 74. d8Q 1-0

[Event "Titled Tuesday intern op 11th Apr Late"]
[Site "Chess.com INT"]
[Date "2023.04.11"]
[Round "11"]
[White "Dobrijevic, Milan"]
[Black "Kozin, Yuri"]
[Result "0-1"]
[WhiteElo "2208"]
[BlackElo "2251"]
[PlyCount "102"]
[EventDate "2023.04.11"]
[EventType "swiss (blitz)"]
[EventRounds "11"]
[EventCountry "USA"]
[SourceTitle "CBM 213 Extra"]
[Source "ChessBase"]
[SourceDate "2023.05.31"]
[SourceVersion "1"]
[SourceVersionDate "2023.05.31"]
[SourceQuality "1"]

1. e4 c5 2. Nc3 a6 3. Nf3 e6 4. d4 cxd4 5. Nxd4 Qc7 6. g3 Bb4 7. Bd2 Nf6 8. Bg2 Nc6 9. Nxc6 dxc6 10. 0-0 0-0 11. Re1 e5 12. Nd5 Nxd5 13. exd5 Bxd2 14. Qxd2 cxd5 15. Qxd5 Qxc2 16. Qxe5 Be6 17. Rac1 Qa4 18. a3 Rae8 19. Qg5 h6 20. Qd2 Rd8 21. Qe3 Bd5 22. Rc7 Bxg2 23. Kxg2 Rd7 24. Rxd7 Qxd7 25. Qf3 b5 26. Rd1 Qe6 27. Rc1 Qe5 28. b3 Qb2 29. Qc3 Qxa3 30. Ra1 Qd6 31. b4 Rd8 32. h4 h5 33. Qf3 g6 34. Ra3 Kg7 35. Qb7 Qxb4 36. Rf3 Qc4 37. Qxa6 Qd5 38. Qa3 Rd6 39. Kh2 b4 40. Qb2+ Qd4 41. Qe2 Rf6 42. Re3 b3 43. Kg2 b2 44. Qe1 Rb6 45. Qb1 Qc4 46. Re1 Qc6+ 47. Kg1 Qc3 48. Rd1 Qb3 49. Rd3 Qxd3 50. Qxd3 b1Q+ 51. Qxb1 Rxb1+ 0-1

[Event "Titled Tuesday intern op 11th Apr Late"]
[Site "Chess.com INT"]
[Date "2023.04.11"]
[Round "4"]
[White "Dobrijevic, Milan"]
[Black "Svicevic, Rastko"]
[Result "0-1"]
[WhiteElo "2208"]
[BlackElo "2160"]
[PlyCount "84"]
[EventDate "2023.04.11"]
[EventType "swiss (blitz)"]
[EventRounds "11"]
[EventCountry "USA"]
[SourceTitle "CBM 213 Extra"]
[Source "ChessBase"]
[SourceDate "2023.05.31"]
[SourceVersion "1"]
[SourceVersionDate "2023.05.31"]
[SourceQuality "1"]

1. e4 c6 2. d4 d5 3. Nd2 dxe4 4. Nxe4 Nf6 5. Nxf6+ exf6 6. c3 Bd6 7. Bd3 0-0 8. Qc2 Re8+ 9. Ne2 h5 10. Be3 Nd7 11. 0-0-0 Qc7 12. Ng3 h4 13. Nf5 Bf4 14. g3 Bxe3+ 15. Nxe3 Nf8 16. gxh4 Qf4 17. h5 Bg4 18. Rde1 Bxh5 19. Kb1 Bg6 20. Rhg1 Bxd3 21. Qxd3 Ng6 22. Rg2 Qe4 23. Kc2 Qxd3+ 24. Kxd3 Nf4+ 25. Kd2 Nxg2 26. Nxg2 Rxe1 27. Nxe1 g5 28. Ng2 Kg7 29. c4 Rh8 30. Ke2 Rxh2 31. Ne3 Kg6 32. d5 cxd5 33. cxd5 Rh8 34. Kd3 f5 35. Kd4 Kf6 36. Kc5 f4 37. Nc4 g4 38. d6 Rc8+ 39. Kd5 Rxc4 40. d7 Ke7 41. Kxc4 g3 42. Kd4 gxf2 0-1

[Event "Titled Tuesday intern op 11th Apr Late"]
[Site "Chess.com INT"]
[Date "2023.04.11"]
[Round "8"]
[White "Hajiyev, Kanan"]
[Black "Dobrijevic, Milan"]
[Result "0-1"]
[WhiteElo "2194"]
[BlackElo "2208"]
[PlyCount "92"]
[EventDate "2023.04.11"]
[EventType "swiss (blitz)"]
[EventRounds "11"]
[EventCountry "USA"]
[SourceTitle "CBM 213 Extra"]
[Source "ChessBase"]
[SourceDate "2023.05.31"]
[SourceVersion "1"]
[SourceVersionDate "2023.05.31"]
[SourceQuality "1"]

1. d4 Nf6 2. Nf3 g6 3. c4 Bg7 4. g3 0-0 5. Bg2 d5 6. 0-0 dxc4 7. Na3 c3 8. bxc3 c5 9. Bb2 Nc6 10. Nc4 Be6 11. Nce5 cxd4 12. Nxc6 bxc6 13. cxd4 Bd5 14. Qc2 Rb8 15. Ne5 Bxg2 16. Kxg2 Qd5+ 17. f3 Rfc8 18. e4 Qe6 19. Rfc1 h5 20. Ba3 h4 21. Nxc6 h3+ 22. Kf2 Kh7 23. d5 Nxd5 24. exd5 Qxd5 25. Qe4 Qxe4 26. fxe4 Bxa1 27. Nxb8 Bd4+ 28. Kf3 Rxb8 29. Kg4 e6 30. Rc7 Kg7 31. Kxh3 Rb5 32. Rd7 e5 33. Be7 Rb2 34. a3 Bg1 35. Kg4 Rxh2 36. Bd6 Bd4 37. Rb7 Re2 38. Rb8 Rxe4+ 39. Kf3 Re3+ 40. Kg2 Re2+ 41. Kh3 f5 42. Rb7+ Kf6 43. Rd7 Ke6 44. Rd8 Bg1 45. g4 f4 46. g5 Kf5 0-1

[Event "Titled Tuesday intern op 11th Apr Late"]
[Site "Chess.com INT"]
[Date "2023.04.11"]
[Round "3"]
[White "Sariego Figueredo, Wilfredo"]
[Black "Dobrijevic, Milan"]
[Result "1-0"]
[WhiteElo "2318"]
[BlackElo "2208"]
[PlyCount "129"]
[EventDate "2023.04.11"]
[EventType "swiss (blitz)"]
[EventRounds "11"]
[EventCountry "USA"]
[SourceTitle "CBM 213 Extra"]
[Source "ChessBase"]
[SourceDate "2023.05.31"]
[SourceVersion "1"]
[SourceVersionDate "2023.05.31"]
[SourceQuality "1"]

1. d4 Nf6 2. Bf4 g6 3. Nc3 d5 4. Nb5 Na6 5. e3 c6 6. Nc3 Bg7 7. Nf3 0-0 8. Bxa6 bxa6 9. 0-0 Bg4 10. h3 Bf5 11. Na4 Nd7 12. b4 a5 13. a3 axb4 14. axb4 a5 15. c3 axb4 16. cxb4 Re8 17. Nc5 Nxc5 18. bxc5 Rxa1 19. Qxa1 Bd3 20. Rc1 Bb5 21. Qa7 Qa8 22. Ra1 Qxa7 23. Rxa7 f6 24. Bc7 h6 25. Rb7 e5 26. Bd6 exd4 27. Nxd4 Ba4 28. Ra7 Bb5 29. Ra5 Bc4 30. Nxc6 Bf8 31. Bxf8 Kxf8 32. Nd4 Rc8 33. Ra7 f5 34. Rh7 Rxc5 35. Ne6+ Kg8 36. Rg7+ Kh8 37. Rxg6 Kh7 38. Rf6 Ra5 39. Rxf5 Ra1+ 40. Kh2 Kg6 41. Rf4 Bd3 42. Nd4 Be4 43. f3 Bb1 44. Rg4+ Kh7 45. Rh4 Ra2 46. Kg3 Ra3 47. Kf4 Ra2 48. g4 Ra8 49. g5 Rf8+ 50. Kg3 Rg8 51. Rxh6+ Kg7 52. h4 Re8 53. Re6 Ra8 54. Rd6 Ra3 55. Rxd5 Rxe3 56. Nf5+ Bxf5 57. Rxf5 Ra3 58. Kg4 Ra7 59. f4 Kg8 60. h5 Kh8 61. Rb5 Kg8 62. h6 Kh8 63. g6 Ra8 64. Kg5 Rb8 65. Rxb8# 1-0